Obščij kurs fiziki. Optika

Salvato in:
Dettagli Bibliografici
Autore principale: Sivuchin, Dmitrij Vasiľjevič (Autore)
Natura: Libro
Lingua:russo
Pubblicazione: Moskva : Nauka, 1985
Edizione:2.izd.
Tags: Aggiungi Tag
Nessun Tag, puoi essere il primo ad aggiungerne!!

MARC

LEADER 00000nam a22000003a 4500
001 stu86601
005 20150617225630.3
008 040503s1985----xxr-----------------rus-d
040 |a STU  |b slo 
041 0 |a rus 
044 |a xxr 
080 |a 535  |7 stu_us_auth*stu16839 
100 1 |a Sivuchin, Dmitrij Vasiľjevič  |4 aut 
245 1 |a Obščij kurs fiziki. Optika 
250 |a 2.izd. 
260 |a Moskva :  |b Nauka,  |c 1985 
300 |a 751 s 
996 |b E59911  |c E*59911  |l EE10  |s P  |a 0  |w stu86601_0003